Financing the New Europe with participating debt.

Pôžičky krajinám východnej Európy a ZSSR na rekonštrukciu a modernizáciu odvetví predstavujú obrovské čiastky, ktoré nemožno úverovať za použitia obvyklých parametrov pre úverové listy a bankové pôžičky. Navrhuje sa finančný nástroj spájajúci štátne obligácie s platobnou schopnosťou krajiny, vhodný...

Ausführliche Beschreibung

Gespeichert in:
Bibliographische Detailangaben
1. Verfasser: Mokkelbost, P.B
Format: Buchkapitel
Sprache:Englisch
Schlagworte:
Tags: Tag hinzufügen
Keine Tags, Fügen Sie das erste Tag hinzu!

MARC

LEADER 00000naa a2200000 4500
001 r005028
005 20221130103639.0
041 0 |a eng 
044 |a DE 
245 1 0 |a Financing the New Europe with participating debt.  |c P.B. Mokkelbost 
520 |a Pôžičky krajinám východnej Európy a ZSSR na rekonštrukciu a modernizáciu odvetví predstavujú obrovské čiastky, ktoré nemožno úverovať za použitia obvyklých parametrov pre úverové listy a bankové pôžičky. Navrhuje sa finančný nástroj spájajúci štátne obligácie s platobnou schopnosťou krajiny, vhodný pre túto situáciu. 
610 2 0 |a zadlženosť zahraničná 
610 2 0 |a východná Európa 
610 2 0 |a ZSSR 
610 2 0 |a úver medzinárodný 
610 2 0 |a nástroje finančné 
610 2 0 |a solventnosť 
610 2 0 |a financovanie 
610 2 0 |a zmeny štruktúrne 
610 2 0 |a modernizácia 
100 1 |a Mokkelbost, P.B.